000 00422nam a2200145Ia 4500
005 20251222144730.0
008 251222s9999||||xx |||||||||||||| ||spa||
020 _a978-970-665-293-5
082 _a657.452/T79
100 _aTrejo Caballero, Juana
245 0 _aModelos de Dictámenes y otras Opiniones e Informes del Auditor:
250 _a6a.ed.
264 _bInstituto Mexicano de Contadores Públicos
942 _cLIB
999 _c18539
_d18539